[Event "IECG QB.2007.0.00087 email"]
[Site "IECG email"]
[Date "2007.05.21"]
[Round "1.2"]
[White "Chechik, Patricia"]
[Black "Broniek, Mariusz Maciej"]
[Result "0-1"]
[WhiteElo "1895"]
[BlackElo "1879"]
[PlyCount "46"]
[EventDate "2007.05.21"]
[EventType "tourn (corr)"]
[EventRounds "6"]
[SourceTitle "Corr 2024"]
[Source "ChessBase"]
[SourceDate "2023.10.19"]
[SourceVersion "1"]
[SourceVersionDate "2023.10.19"]
[SourceQuality "1"]

1. d4 Nf6 2. Nf3 g6 3. Bg5 Bg7 4. Nbd2 0-0 5. c3 d5 6. e3 Nbd7 7. b4 Qe8 8. Be2 e5 9. 0-0 e4 10. Ne1 a5 11. a4 Nb6 12. b5 Bf5 13. Qb3 Qe7 14. Nc2 Rfd8 15. Na3 Rdc8 16. Rfc1 h6 17. Bf4 h5 18. h3 Rd8 19. Nab1 Ra7 20. Qa3 Rd7 21. Qxe7 Rxe7 22. c4 dxc4 23. Nxc4 Nbd5 0-1

[Event "IECG QB.2007.0.00087 email"]
[Site "IECG email"]
[Date "2007.05.21"]
[Round "2.3"]
[White "Chechik, Patricia"]
[Black "Reboredo, Daniel"]
[Result "0-1"]
[WhiteElo "1895"]
[BlackElo "1817"]
[PlyCount "22"]
[EventDate "2007.05.21"]
[EventType "tourn (corr)"]
[EventRounds "6"]
[SourceTitle "Corr 2024"]
[Source "ChessBase"]
[SourceDate "2023.10.19"]
[SourceVersion "1"]
[SourceVersionDate "2023.10.19"]
[SourceQuality "1"]

1. d4 d5 2. c4 e6 3. Nc3 Nf6 4. Nf3 c5 5. cxd5 Nxd5 6. e4 Nxc3 7. bxc3 cxd4 8. cxd4 Nc6 9. Bc4 Bb4+ 10. Bd2 Bxd2+ 11. Qxd2 0-0 0-1

[Event "IECG CB.2007.0.00171 email"]
[Site "IECG email"]
[Date "2007.05.20"]
[Round "?"]
[White "Chechik, Patricia"]
[Black "Broniek, Mariusz Maciej"]
[Result "0-1"]
[WhiteElo "1895"]
[BlackElo "1879"]
[PlyCount "38"]
[EventDate "2007.05.20"]
[EventType "tourn (corr)"]
[EventRounds "6"]
[SourceTitle "Corr 2024"]
[Source "ChessBase"]
[SourceDate "2023.10.19"]
[SourceVersion "1"]
[SourceVersionDate "2023.10.19"]
[SourceQuality "1"]

1. d4 Nf6 2. Bg5 Ne4 3. Bf4 c5 4. f3 Qa5+ 5. c3 Nf6 6. Nd2 cxd4 7. Nb3 Qd8 8. cxd4 d5 9. e3 e6 10. Rc1 Nc6 11. Bb5 Bd7 12. Ne2 Bb4+ 13. Kf2 Qb6 14. Bd3 Nh5 15. Bg3 Nxg3 16. hxg3 g6 17. Nc5 Bxc5 18. Rxc5 Qxb2 19. Rb5 Nb4 0-1